| 000 | 00537nam a2200145Ia 4500 | ||
|---|---|---|---|
| 008 | 170221s9999 xx 000 0 und d | ||
| 100 | _aTeoh Ai Ping | ||
| 245 | 4 | _aThe Impact of Enterprise Risk Management, Strategic Agility, and Quality of Internal Audit Function on Firm Performance | |
| 245 | _cTeoh Ai Ping, Lee Kaih Yeang, Rajendran Muthuveloo | ||
| 260 | _bInternational Review of Management and Marketing | ||
| 260 | _c2014 | ||
| 300 | _a5 : 3 | ||
| 650 | _xMarketing. | ||
| 856 | _uhttp://www.econjournals.com/index.php/irmm | ||
| 999 |
_c313753 _d313753 |
||